| 000 | 01367nam a2200325 i 4500 | ||
|---|---|---|---|
| 003 | EG-ScBUE | ||
| 005 | 20240220114100.0 | ||
| 008 | 111114s2003 ua o f b 000 0 ara d | ||
| 017 | _a2003 / 14021 | ||
| 020 | _a977014202X | ||
| 040 |
_aEG-ScBUE _bara _erda _cEG-ScBUE _dEG-ScBUE |
||
| 043 |
_af-ua--- _aa-sy--- |
||
| 082 | 0 | 4 |
_222 _a327.6205691 _bع ل ي |
| 100 | 1 |
_927741 _aعلي، جمال سلامة، _eمؤلف. |
|
| 245 | 1 | 0 |
_aمن النيل إلى الفرات : _bمصر وسوريا وتحديات الصراع العربي الإسرائيلي / _cد. جمال سلامة علي. |
| 246 | 3 | 0 | _aمصر وسوريا وتحديات الصراع العربي الإسرائيلي |
| 264 | 1 |
_aالقاهرة : _bدار النهضة العربية، _c2003. |
|
| 300 |
_a574 صفحة : _bصور ؛ _c24 سم |
||
| 336 |
_2rdacontent _aنص _btxt |
||
| 337 |
_aبدون وسيط _2rdamedia _bn |
||
| 338 |
_aمجلد _bnc _2rdacarrier |
||
| 500 | _aيشتمل على ملاحق. | ||
| 504 | _aيشتمل على إرجاعات ببليوجرافية. | ||
| 650 | 7 |
_927997 _aالنزاع العربي الإسرائيلي. _2BUEsh |
|
| 651 | 7 |
_927996 _aمصر _xعلاقات خارجية _zسوريا. _2BUEsh |
|
| 651 | 7 |
_927742 _aسوريا _xعلاقات خارجية _zمصر. _2BUEsh |
|
| 653 | _cNovember2011 | ||
| 655 | _vReading book | ||
| 942 |
_2ddc _cBB |
||
| 999 |
_c16206 _d16206 |
||